Beethoven: (Record no. 23891)
[ view plain ]
| 000 -LEADER | |
|---|---|
| fixed length control field | 00746cam a22002411 4500 |
| 001 - CONTROL NUMBER | |
| control field | 6867136 |
| 003 - CONTROL NUMBER IDENTIFIER | |
| control field | BDDh-ASL |
| 005 - DATE AND TIME OF LATEST TRANSACTION | |
| control field | 20231015030312.0 |
| 008 - FIXED-LENGTH DATA ELEMENTS--GENERAL INFORMATION | |
| fixed length control field | 780421s19491927xx 000 0 eng |
| 010 ## - LIBRARY OF CONGRESS CONTROL NUMBER | |
| LC control number | 28008744 |
| 035 ## - SYSTEM CONTROL NUMBER | |
| System control number | (OCoLC)3821656 |
| 040 ## - CATALOGING SOURCE | |
| Original cataloging agency | DLC |
| Transcribing agency | OT |
| Modifying agency | OCoLC |
| -- | DLC |
| -- | BDDh-ASL |
| 042 ## - AUTHENTICATION CODE | |
| Authentication code | premarc |
| 050 00 - LIBRARY OF CONGRESS CALL NUMBER | |
| Classification number | ML410.B4 |
| Item number | S91 |
| 082 ## - DEWEY DECIMAL CLASSIFICATION NUMBER | |
| Classification number | 927.80 |
| Item number | SUB |
| 100 1# - MAIN ENTRY--PERSONAL NAME | |
| Personal name | Sullivan, J. W. N. |
| Fuller form of name | (John William Navin), |
| Dates associated with a name | 1886-1937. |
| 245 00 - TITLE STATEMENT | |
| Title | Beethoven: |
| Remainder of title | his spiritual development, |
| Statement of responsibility, etc. | by J. W. N. Sullivan. |
| 260 ## - PUBLICATION, DISTRIBUTION, ETC. | |
| Place of publication, distribution, etc. | London: |
| Name of publisher, distributor, etc. | J. Cape |
| -- | Penguin Books, |
| Date of publication, distribution, etc. | [1927] |
| -- | 1949. |
| 300 ## - PHYSICAL DESCRIPTION | |
| Extent | 158 p. |
| Dimensions | 18 cm. |
| 600 10 - SUBJECT ADDED ENTRY--PERSONAL NAME | |
| Personal name | Beethoven, Ludwig van, |
| Dates associated with a name | 1770-1827. |
| 906 ## - LOCAL DATA ELEMENT F, LDF (RLIN) | |
| a | 7 |
| b | cbc |
| c | oclcrpl |
| d | u |
| e | ncip |
| f | 19 |
| g | y-gencatlg |
| 942 ## - ADDED ENTRY ELEMENTS (KOHA) | |
| Source of classification or shelving scheme | Dewey Decimal Classification |
| Koha item type | Books |
| Withdrawn status | Lost status | Source of classification or shelving scheme | Damaged status | Not for loan | Collection code | Home library | Current library | Shelving location | Date acquired | Source of acquisition | Total Checkouts | Full call number | Barcode | Date last seen | Copy number | Price effective from | Koha item type | Public note |
|---|---|---|---|---|---|---|---|---|---|---|---|---|---|---|---|---|---|---|
| Dewey Decimal Classification | Non-fiction | Asiatic Society Library | Asiatic Society Library | General Stacks | 04/07/2021 | ASB Library Collections | 927.80 SUB | 108444 | 04/07/2021 | C-1 | 04/07/2021 | Books | Rare |